000 00350nam a2200157Ia 4500
003 OSt
005 20240219094037.0
008 170524s9999 xx 000 0 und d
020 _a978-0070435544
040 _cIIMT UNIVERSITY
100 _aBOWERSOX DONALD
100 _c2010
245 0 _aLOGISTICAL MANAGEMENT
260 _aTMH
942 _2ddc
_c01
999 _c2904
_d2904